000 00462nam a2200181Ia 4500
001 18920
005 20260306171706.0
008 260306s9999||||xx |||||||||||||| ||und||
041 _aESP
082 _a658.562
_bG63 2015
100 _aGómez Martínez, José Antonio,
_eAUT
245 0 _aGuía para la aplicación de UNE-EN ISO 9001:
_b2015
260 _c2015
300 _a194 páginas :
_c
650 _aGEN
654 _aCAN
942 _cLIB
_dJUS
_fJUS
_2ddc
_n
999 _c18920
_d18920